Statistics for Countries with the most Ski Resorts

Click here to take the quiz!

General Stats

  • This quiz has been taken 111 times
    (72 since last reset)
  • The average score is 25 of 30

Answer Stats

# of ResortsCountry% Correct
196France
97%
148Switzerland
97%
427United States
97%
127Canada
95%
275Austria
94%
20China
94%
305Japan
94%
116Germany
92%
217Italy
91%
44Finland
89%
134Norway
89%
37Spain
89%
17Russia
88%
105Sweden
86%
16Argentina
84%
46Poland
84%
17Chile
83%
16South Korea
83%
35Slovenia
80%
12Australia
78%
26New Zealand
77%
48Slovakia
75%
25Romania
73%
14Ukraine
73%
17Bulgaria
72%
67Czech Republic
72%
13Serbia
72%
20Hungary
67%
21Greece
56%
27Latvia
50%

Score Distribution

Percentile by Number Answered

Percent of People with Each Score

Your Score History

You have not taken this quiz since the last reset